| 000 | 00833nam a22002057a 4500 | ||
|---|---|---|---|
| 999 |
_c10366 _d10366 |
||
| 003 | AR-CdUCM | ||
| 008 | 190401b ||||| |||| 00| 0 eng d | ||
| 040 |
_aMUNICIPALIDAD PROVINCIAL DEL CUSCO _cBIBLIOTECA MUNICIPAL DEL CUSCO |
||
| 082 |
_a376.483 / _bP66 / 1968 |
||
| 110 |
_aMinisterio de educación publica _96342 |
||
| 245 | _aPlanes y programas para la educación secundaria industrial de mujeres / | ||
| 260 |
_aLima : _bMulti impresiones, _c1968. |
||
| 300 |
_a240 paginas ; _c21 cm. |
||
| 505 | _aContenido : Reforma de educación secundaria técnica -- Plan de estudios -- Directivas -- confecciones del muestrario -- Programa de religión... | ||
| 650 |
_aEducación secundaria _94648 |
||
| 650 |
_aPlanes y programas _93592 |
||
| 650 |
_aEducación para las mujeres _927170 |
||
| 942 |
_2ddc _cLIBROS |
||
| 945 | _awnts | ||